[Event "American Continental 3rd"]
[Site "Buenos Aires"]
[Date "2005.08.14"]
[Round "9"]
[White "Bronstein, Luis Marcos"]
[Black "Valerga, Diego"]
[Result "1/2-1/2"]
[WhiteElo "2342"]
[BlackElo "2499"]
[Annotator "Hazai,L"]
[PlyCount "68"]
[EventDate "2005.08.06"]
[EventType "swiss"]
[EventRounds "11"]
[EventCountry "ARG"]
[SourceTitle "CBM 109"]
[Source "ChessBase"]
[SourceDate "2005.11.14"]
[SourceVersion "1"]
[SourceVersionDate "2005.11.14"]
[SourceQuality "1"]

1. Nf3 Nf6 2. g3 g6 3. b3 Bg7 4. Bb2 O-O 5. Bg2 d6 6. d4 a5 {/\ a4 but central
strategies are preferable.} (6... e5 $5 {is the main line.}) 7. O-O (7. a4 {
hindering a5-a4 but it also weakens >< b4.} Nc6 {/\ e5 in case.} (7... Na6 8.
O-O d5 {Black has lost a tempo, but he controls the important e4 square and
the b2 B remains passive.} 9. Nbd2 Bf5 10. Ne5 Qc8 $5 {looks more to the point.
} (10... Rc8 {/\ c5} 11. f3 c5 12. e4 dxe4 (12... Be6 $5 {keeping the tension
in the [+] deserved attention.}) 13. fxe4 Bg4 14. Qb1 cxd4 15. Rxf6 exf6 16.
Nxg4 $14 {I.Cosma-Inarkiev, Istanbul 2000}) 11. Re1 Nb4) (7... d5 {restricting
both white bishops' sphere of action.} 8. O-O c6 (8... Bf5 9. Nbd2 $5 (9. c4 c6
10. Nc3 Na6 {>< b4 is vulnerable.} 11. Ne5 Nb4 12. Rc1 Rc8 13. Ba3 Re8 14. e3
Nd7 15. Nxd7 Qxd7 {1/2-1/2 Reshko-Geller, Kiev 1957})) 9. Nbd2 Na6 10. Ne5 Bf5
11. c3 {The b2 B has to be activated via a3.} (11. h3 {against Qc8, Bh3.} Qc8 (
11... Nd7 $5 12. f4) 12. Kh2 Nd7 13. f4 Be6 14. e4 $5 (14. g4 {looks a bit odd.
} Nxe5 15. dxe5 Nc5 {1/2-1/2 D'Amore-Efimenko, Plovdiv 2003})) 11... Qc8 12.
Ba3 Re8 13. Re1 $5 (13. b4 {can also be self-destructing on the <<.} Nc7 14.
Nb3 axb4 15. Bxb4 Bh3 16. Nc5 Bxg2 17. Kxg2 b6 $132 {Bogza-M.Markovic, Sozina
2004})) (7... c6 {/\ Na6, Bf5} 8. O-O Na6 9. Nbd2 Bf5 10. h3 d5 11. Nh4 {/\ f4}
Be6 12. f4 Qc7 {>< g3} 13. e3 c5 $13 {Horn-Gallagher, Zuerich 1999}) (7... Bf5
8. O-O Qc8 9. Re1 $5 {avoiding the exchange of the light-squared B looks
logical.} (9. Nbd2 {allows Black to exchange the fianchettoed B.} Bh3 10. e4
Bxg2 (10... Qg4 {The exchange of queens usually gives a slight edge in the _|_
for White.} 11. Nh4 Bxg2 12. Nxg2 Nc6 13. Qxg4 (13. d5 {This weakens White's 
[+].} Qxd1 14. Rfxd1 Nb4 15. Ne1 e6 16. c3 Na6 17. dxe6 fxe6 18. Nd3 Nd7 $11 {
Makarov-Geller, Kiev 1958}) 13... Nxg4 14. c3 $14) 11. Kxg2 Na6)) 8. O-O Bf5 (
8... e5 9. dxe5 Nd7 (9... Ng4 10. Na3 $1 {The N is more flexible here.} (10.
Nc3 Ngxe5 11. Nxe5 Bxe5 {Here the insertion of a4-a5 helps for Black, he
cannot play for c4 anymore.} 12. Qd2 Nb4 $11 {Arencibia-Almeida, Santa Clara
2000}) 10... Ngxe5 11. Nxe5 Nxe5 12. Kh1 {against Nf3} Re8 13. Nb5 {Now the
white light pieces are well-posted.} Qe7 14. f4 Nc6 15. Bxg7 Kxg7 16. e4 $14 {
Reshevsky-Feuerstein, New York 1957}) 10. Na3 (10. Qc1 dxe5 $5 {creates more
space for a complicated struggle.} (10... Ndxe5 11. Nxe5 Nxe5 12. Rd1 f5 13.
Na3 c6 {White's main problem is that c2-c4 is not so nice as in the Dutch
Leningrad.} 14. Rb1 Qc7 15. c4 Be6 16. h3 Rad8 17. Nc2 Rfe8 {1/2-1/2
Mikhalchishin-Krstic, Ptuj 1998})) 10... dxe5 $5 (10... Ndxe5 {- 9...Ng4})) 9.
Nbd2 Qc8 10. Re1 (10. Nc4 {again allows the simplifying} Bh3 11. Re1 Bxg2 12.
Kxg2 Qf5 $132 {1/2-1/2 I.Cosma-Itkis, Tusnad 1997}) 10... d5 (10... Bh3 {
Why not} 11. Bh1 $5 (11. e4 Bxg2 12. Kxg2 Nd7 13. Nc4 e5 14. dxe5 (14. d5 Ne7
$13 {with a typical King's Indian position, where the standard c4-c5 is not
easy to execute.}) 14... Ndxe5 15. Ncxe5 dxe5 16. Qd5 $11 {1/2-1/2 Leroy-G.
Kuzmin, Paris 2001})) 11. Rc1 Rd8 12. Nb1 {This looks too passive...} Ne4 $13 {
L.Lengyel-F.Olafsson, Tallinn 1975}) 7... a4 8. c4 (8. Re1 {/\ e4} Ne4 9. e3 {
White's play is too caotious.} Qe8 10. c4 {1/2-1/2 Szekely-Del Rio Angelis,
Varadero 2000}) (8. Nc3 a3 $5 (8... Bd7 9. Nxa4 Bxa4 10. bxa4 {and White has
got the strong ^^.} Nbd7 11. Nd2 Rxa4 12. c4 Ra7 13. Qb3 $14 {P.Schmidt-Howell,
Bled 1995}) 9. Bc1 c5 {is the critical question here.}) (8. b4 {weakens the
light squares.} d5 $5 (8... Nfd7 {is not the best strategy here.} 9. c4 c5 10.
a3 Nc6 11. Bc3 cxd4 12. Nxd4 Nce5 13. Nd2 Nb6 14. Rc1 Bh6 15. Ba1 Bxd2 16. Qxd2
Nexc4 17. Rxc4 Nxc4 18. Qc3 Ne5 19. f4 Qb6 20. e3 Bg4 (20... Ng4 21. Nc6 e5 22.
Ne7+ Kg7 23. Nd5 $40) 21. fxe5 Rac8 22. Qd3 dxe5 23. Qe4 exd4 24. Qxg4 $36 {
Sulava-Kozul, Vinkovci 1993})) 8... c6 (8... Nbd7 9. Qc2 c5 10. e4 cxd4 11.
Nxd4 Qb6 12. Nb5 axb3 13. axb3 Rxa1 14. Bxa1 $14 {with a slightly better
Maroczy type of position, Antoshin-Simagin, Moscow 1952.}) (8... c5 9. Na3 (9.
dxc5 dxc5) 9... Nc6 10. Nb5 (10. d5 Nb4) 10... Ne4 11. e3 {White has maximally
strengthened the vital central square d4.} axb3 12. axb3 Rxa1 13. Bxa1 (13.
Qxa1 $5) 13... Qa5 14. Ne1 $14 {Ribli-Bologan, Germany 1995}) (8... axb3 9.
axb3 {looks logical.} (9. Qxb3 Nc6 10. Nbd2 e5 11. Rfd1 Qe7 12. e3 h6 $13 {
Skembris-Anagnostopoulos, Athens 1998}) 9... Rxa1 10. Bxa1 c6 (10... Bf5 11.
Nbd2 Qc8 12. Re1 Bh3 13. Bh1 $1 $14 (13. e4 {again allows Black to get rid of
the light-squared B.} Bxg2 14. Kxg2 e6 {Here playing on e7-e5 is out of
question.} 15. Bc3 Nfd7 16. Qa1 c5 17. b4 (17. dxc5 Bxc3 18. Qxc3 Qxc5 $11)
17... cxd4 18. Nxd4 Bh6 19. Nb5 Qc6 20. Nd4 {1/2-1/2 Badea-Nevednichy,
Bucharest 1998})) (10... e5 11. dxe5 Nfd7 12. Qd2 dxe5 13. Rd1 Qe7 14. Nc3 {
Black still has problems with the development of his <<.} c6 15. Ne4 Nc5 16.
Nxc5 Qxc5 17. b4 Qxc4 18. Bxe5 Bxe5 19. Nxe5 Qe6 20. Nd3 $14 {Keene-O.Jakobsen,
Barcelona 1975}) 11. Nbd2 d5 (11... Na6 12. e4 $5 {with a strong white [+].} (
12. Bc3 Qb6 13. Qa1 Bf5 {/\ Ne4} 14. Qb2 Ne4 15. Nxe4 Bxe4 $11 {Vukic-Volke,
Ljubljana 1995})) 12. Bc3 Bf5 (12... Ne4 13. Nxe4 dxe4 14. Nd2 $5 (14. Ne1 e5
15. Nc2 (15. Bxe4 $6 {is out of question:} Bh3 16. Bg2 Bxg2 17. Kxg2 exd4 $36 {
Jovanic-Biti, Rabac 2003})) 14... f5 15. Qa1 {looks more to the point.}) 13.
Nh4 $14) 9. bxa4 (9. b4 {is again dubious because of the weakening of the
light squares.} Be6 10. Nfd2 d5 11. c5 Nbd7 12. a3 b6 13. cxb6 Nxb6 14. Nc3 Qd7
15. Rc1 Bh3 $11 {Kristensen-Y.Gruenfeld, Saint John 1988}) 9... Qa5 10. Nc3
Nbd7 {/\ Nb6 taking back the P.} 11. Nd2 {/\ Nb3} Nb6 12. Nb3 Qb4 13. a5 (13.
c5 Nxa4 14. Nxa4 Qxa4 15. Qd3 d5 $13) 13... Nxc4 14. a3 Nxb2 15. axb4 Nxd1 {
The good old question, which R will take back?} 16. Raxd1 (16. Rfxd1 $1 Be6 17.
Nd2 {looks logical. White has a better P structure, but the black ^^ cannot be
underestimated.}) 16... Bf5 {provoking e4 which closes the long /^.} (16... Be6
{deserved attention, because changing the P structure by} 17. d5 Nxd5 18. Nxd5
cxd5 19. Bxd5 Bxd5 20. Rxd5 Rfc8 $132 {leads nowhere.}) 17. Rc1 {So there is
something wrong with the rooks.} (17. e4 Be6 18. d5 cxd5 19. Nxd5 Nxd5 20. exd5
{is still not a big threat because it opens the position for the ^^.} Bg4 $132)
17... Be6 (17... Rfc8) 18. Rb1 {The R finally has found his place...} Nd7 (
18... Rfc8) 19. e3 (19. Rfd1) 19... Bc4 (19... Rfc8 20. Rfc1) 20. Rfc1 d5 21.
f4 $1 {White has to keep the position closed fighting against e5, which would
revitalize the fianchettoed B.} b6 $2 {This could have been punished by
tactical means.} (21... e6) 22. axb6 ({missing} 22. b5 $1 cxb5 23. Nxd5 Bxd5
24. Bxd5 bxa5 (24... Ra7 25. Bc6 $16) 25. Bxa8 Rxa8 26. Rc7 $14) 22... Nxb6 23.
Na5 Bd3 (23... Rfc8 24. Bf1 $14 {exchanging the strong B, after which >< c6
becomes more vulnerable.}) 24. Nxc6 $6 {This looks nice and effective, White
gets two or even three pawns for the exchange. However Black has a strong
tactical counterblow.} (24. Rb3 {was simple and strong.} Bc4 25. Ra3 e6 26.
Rca1 $16) 24... Bxb1 25. Nxe7+ Kh8 26. Rxb1 Nc4 $1 {The only target is >< e3.}
27. Nexd5 {[#]} (27. Ncxd5 Ra3 $1 28. Nc6 (28. Re1 Nxe3 $1 {This is the point,.
White gets into an ethernal pin activating the g7 B.} 29. Nxe3 Bxd4 30. N7d5
Re8 31. Kf2 {- 27.Nexd5}) 28... Nxe3 29. Nxe3 Rxe3 30. b5 Rd3 (30... Rfe8) 31.
Rb4 Rd1+ 32. Kf2 Rd2+ {with some counterplay.}) 27... Nxe3 $1 {The bold from
the blue!} 28. Nxe3 Ra3 $1 (28... Bxd4 $2 29. Bxa8 Bxe3+ 30. Kg2 Rxa8 31. Nd5
$16 {leads to a bad _|_.}) 29. Ncd1 (29. Ncd5 Bxd4 30. Kf2 Re8 31. Re1 Rb3 $44
{is no escape from trouble, White can hardly improve his position..}) 29...
Bxd4 $11 30. b5 Bxe3+ 31. Nxe3 Rxe3 32. b6 Rb8 33. b7 Re7 34. Kf2 Kg7 1/2-1/2

[Event "BCF-ch 89th"]
[Site "Torquay"]
[Date "2002.07.30"]
[Round "2"]
[White "Kunte, Abhijit"]
[Black "Hebden, Mark"]
[Result "1-0"]
[WhiteElo "2477"]
[BlackElo "2534"]
[Annotator "Hazai,L"]
[PlyCount "151"]
[EventDate "2002.07.29"]
[EventType "swiss"]
[EventRounds "11"]
[EventCountry "ENG"]
[SourceTitle "CBM 091"]
[Source "ChessBase"]
[SourceDate "2002.11.12"]
[SourceVersion "1"]
[SourceVersionDate "2002.11.12"]
[SourceQuality "1"]

1. g3 {Hecht} g6 2. Bg2 Bg7 3. d4 c5 4. c3 Qb6 5. Nf3 Nf6 6. O-O O-O 7. h3 $6 {
This is too slow.} (7. a4 {/\ a5 is not a frightening plan for Black.} cxd4 (
7... d6 8. a5 Qc7 9. Nbd2 Na6 10. e4 cxd4 11. Nxd4 {This P structure reminds
me to the g3 Dragon systems, where Black has good counterchances.} Bg4 12. Qe1
Nc5 13. Qe3 Bd7 14. h3 Rfe8 15. Re1 e5 $13 {Nikolaidis-Atalik, Ano Liosia 1996}
) 8. a5 Qd8 {This is the simple retreat.} (8... Qc7 {The Q can be more
vulnerable here.} 9. cxd4 Nc6 10. Qa4 d6 11. Nc3 Bd7 12. Bg5 {White has some
small space advantage.} e6 13. Qa3 a6 14. Rfc1 (14. Bxf6 {looks a bit
premature.} Bxf6 15. d5 Na7 16. Ne4 (16. Rac1 Bxc3 17. Rxc3 $14 {1/2-1/2
Garcia Ilundain-Reinderman, Escaldes 1998}) 16... Be7 17. Rac1 $14) 14... Rac8
15. b4 $5 $14 {is worthy of consideration.} (15. Bf4 e5 16. Bg5 exd4 17. Bxf6
Bxf6 18. Nd5 Qd8)) 9. Nxd4 (9. cxd4 d5 {and extra tempi a4-a5 don't look very
necessary.} 10. Ne5 Ng4 11. Nxg4 Bxg4 12. h3 Bd7 13. Bxd5 Nc6 $11 {
Sveshnikov-Psakhis, Sochi 1979 28/123}) 9... Nc6 10. a6 Qb6 $13) (7. Na3 d5 $5
{and the N on a3 is out of play.} (7... cxd4 8. Qxd4 Qxd4 9. Nxd4 Nc6 10. Nac2
Nxd4 11. Nxd4 Rb8 12. b3 d6 13. Bb2 Bd7 14. c4 {This _|_ is White's dream here,
although the advantage is still minimal.} a6 15. Rac1 Rfc8 16. Rfd1 Ne8 17. e3
$14 {C.Foisor-Vassallo, Lorca 2001})) (7. Nbd2 cxd4 8. cxd4 d5 {and in this
Neo Grunfeld structure the N belongs to c3.} 9. Nb3 (9. Qb3 Qa6 10. e3 Nc6 11.
Ne5 Bf5 12. Re1 Nxe5 13. dxe5 Ne4 $36 {Mason-Hebden, Scarborough 1999}) 9...
Nc6 10. e3 Bf5 {Black has finished his development with ease.} 11. Bd2 Rfc8 12.
Bc3 Qd8 13. Qe2 Be4 $11 14. Rfc1 e6 15. Nc5 b6 16. Nxe4 Nxe4 17. Nd2 {1/2-1/2
Spulber-Moldovan, Baile Tusnad 2001}) (7. d5 $1 {This is the logical try
transposing to a g3 Benoni, with a Q on b6.} d6 (7... e6 8. c4 Qa6 {Black
wants to make profit from his early developed Q.} 9. Na3 $5 (9. Nfd2 exd5 10.
cxd5 d6 11. a4 b5 12. Na3 bxa4 13. Nac4 Bd7 14. Re1 Bb5 $1 {just in time!} (
14... Ne8 15. e4 Bb5 16. Na3 Nd7 $5 (16... Bd3 $6 {is strongly met by the
tactical} 17. Nac4 $1 Nd7 (17... Bxc4 18. Rxa4 $16) 18. Re3 Bxc4 19. Rxa4 $16 {
K.Arkell-Hillarp Persson, Paignton 2000}) 17. Nxb5 Qxb5 18. Qxa4 Qxa4 19. Rxa4
Nb6 20. Ra3 Nc7) 15. Na3 (15. e4 Nbd7 $13) 15... Nbd7 $13) 9... d6 10. Nb5 $36)
8. c4 (8. Nfd2 e5 {/\ Ne8, f5 with attacking chances on the >>.} 9. a4 Ne8 10.
Na3 f5 11. Nac4 Qc7 12. b4 Nd7 $13 {Ellers-Uhlmann, Schwerin 1999}) 8... e6 9.
Nc3 exd5 10. cxd5 Nbd7 11. Nd2 {The Q is rather vulnerable on b6.} Ne5 12. h3
Qa6 (12... Nh5 $5 {/\ f5} 13. Qb3 Qd8) 13. Qb3 Rb8 (13... Nh5 $5 {/\ f5
deserves attention again.}) 14. a4 Ne8 15. f4 (15. Ra3 {is too slow.} f5 16. f4
Nf7 17. e4 Qa5 18. Nc4 Qd8 19. Re1 fxe4 20. Nxe4 Nc7 21. Bd2 Bf5 22. Nc3 Re8
$11 {Benko-Fischer, Curacao ct 1962}) 15... Nd7 16. Nc4 $14) 7... d6 (7... d5
$5 $13 {looks also very healthy, compare to the Neo Grunfeld.}) 8. Nbd2 cxd4 9.
Nxd4 (9. cxd4 Nc6 $13) 9... Nc6 {Now White has problems in the [+].} 10. N2b3
Nxd4 11. Nxd4 {This is a bit too provocative, Black can create a strong P [+].}
(11. Qxd4 Qc7) (11. cxd4) 11... e5 $1 12. Nc2 (12. Nb3 d5 13. Be3 Qc7 {and
White cannot attack d5 or e5.}) 12... d5 13. a4 Be6 (13... Rd8 $36 {looks
crisper.}) 14. a5 Qb5 (14... Qc7 15. Nb4 Rad8 $15 {Black finishes his
development and his [+] is well-protected.}) 15. Kh2 Rfd8 (15... Rad8 $15) 16.
Qd3 Qd7 17. Bg5 Bf5 (17... h6 18. Bxf6 Bxf6 $13) 18. Qd1 Rac8 (18... h6 19.
Bxf6 Bxf6 $13) 19. Nb4 $1 {Now finally White has a serious counterplay against
>< d5.} d4 (19... Be6) 20. Qa4 dxc3 21. bxc3 Qxa4 22. Rxa4 Rd7 23. Bxf6 Bxf6
24. Nd5 Bd8 25. c4 Kg7 {The _|_ is still better for Black because of the
shattered P formation on the <<.} 26. e4 Be6 27. Rb1 a6 28. Bf1 Rc5 {Now both
weaknesses are fixed.} 29. Rba1 f5 30. Bd3 Rf7 31. exf5 gxf5 32. R4a2 Rd7 33.
Be2 Bxd5 {One of the advantage of the ^^ is that You can make favourable
exchanges with it!} 34. cxd5 {In the _|_ with ^- Black has clearly the better
chances.} Rcxd5 (34... e4 $17) 35. g4 Rd2 36. gxf5 Bxa5 37. Bg4 Bc3 38. f6+
Kxf6 39. Bxd7 Rxd7 {This exchange sacrifice was not necessary at all, but
still the position is a bit better for Black...} 40. Rc1 Bd4 (40... Bb4) 41.
Kg2 Ke6 42. Rc8 Rg7+ 43. Kf1 Rf7 44. Rcc2 Kd6 45. Kg2 Rf8 46. Ra3 Ra8 (46... e4
) (46... Kd5) 47. Rca2 Kc6 48. Kf3 Rf8+ 49. Kg2 Kb6 50. Rb3+ Ka7 51. Rf3 Rg8+
52. Rg3 Rxg3+ (52... Rc8 53. Rg7 $11) 53. Kxg3 {The exchange of the rooks is
usually favourable for White. Hecht: '[#] Wenn in dieser Position ein Gewinn
möglich ist, dann für die Läuferpartei mit den verbundenen Freibauern.'} b5 54.
Kf3 b4 {Black is pushing the _|_ too hard.} (54... Kb6) 55. Ke4 Bc3 $2 {
Now White can blockade the connected passed pawns on the light squares and the
roles have been changed.} (55... b3 {was the natural plan.} 56. Rd2 b2 57. Rd1
a5 58. Kd3 Bxf2 59. Kc2 Bd4 60. Rf1 Kb6 61. Rf7 h5 62. Rh7 a4 63. Rxh5 a3 64.
Kb1 Kc5) 56. Kd3 Kb6 57. Kc4 a5 58. f3 h5 $6 (58... Ka6) 59. Rg2 {/\ Rg6
pushing back the black K.} a4 (59... h4 $5 {Hecht und den a-Bauern auf a5
lassen}) 60. Rg6+ Kc7 61. Ra6 a3 {'?' Hecht.} (61... Kd7 $1 {Hecht} 62. Rxa4 (
62. Rh6 {Hecht} Bd2 $1 63. Rxh5 $140 b3 $19) 62... Ke6 $11 {[%csl Ge5,Rf3,Rh3,
Gh5][%cal Ge6f5]}) 62. Kb3 {Hecht: '[#] Die Freibauern sind kontrolliert und
der h-Bauer schwach.'} h4 63. Rg6 Be1 (63... Kd7 $142 {Hecht} 64. Rg4 Ke6 (
64... Be1 {Hecht} 65. Re4) 65. Rxh4 Kf5 66. Rg4 Bd2 67. h4 Bf4 68. Rg2 {
[%csl Rb4][%cal Rh4h5,Gg2a2]} e4 69. fxe4+ Kxe4 70. h5 $18) 64. Rg1 Bg3 {
'?' Hecht.} ({Zu versuchen war:} 64... Bc3 {Hecht} 65. Rg4 Kd6 (65... Be1 {
Hecht} 66. Re4) 66. Rxh4 Ke6 67. Rg4 Kf5 68. h4 $18) 65. Rd1 {Now further
material losses are inevitable.} Bf2 (65... e4 66. fxe4 Bd6 67. Rd5) 66. Kxb4
Bd4 67. Kxa3 $18 Kd6 68. Kb3 Ke6 69. Re1 Kf5 70. Re4 Bf2 71. Kc4 Bg3 72. Rg4
Bf2 73. Kd3 Be1 74. Ke3 Bg3 75. Rg8 Bf4+ 76. Kd3 1-0